|
|
|
|
| LEADER |
00000cam a2200000 7i4500 |
| 001 |
0000003079 |
| 005 |
20040515.0 |
| 020 |
0 |
0 |
|a 9839747169
|
| 090 |
0 |
0 |
|a 363.705
|b GRE 1996
|
| 100 |
1 |
0 |
|a GREER
|h Jed
|
| 245 |
1 |
0 |
|a Greenwash :
|b the reality behind corporate environmentalism
|c by Jed Greer & Kenny Bruno
|
| 260 |
0 |
0 |
|a Penang :
|b Third World Network ,
|c 1996
|
| 300 |
|
|
|a 258 p. :
|b ill. ;
|c 21 cm.
|
| 500 |
0 |
0 |
|a Includes bibliographical references
|
| 650 |
0 |
0 |
|a International business enterprises
|x Environmental aspects
|
| 650 |
0 |
0 |
|a Social responsibility of business
|
| 700 |
0 |
1 |
|a Bruno
|h Kenny
|
| 998 |
|
|
|a JPSM
|
| 999 |
|
|
|a 0000005506
|b Monograph
|c Open Shelf
|e Default branch
|